000 00310nam a22001337a 4500
008 170302b xxu||||| |||| 00| 0 eng d
020 _a9780397512904
041 _aeng
080 _a616.073
100 _a6
101 _aSHM
245 _aMAGNETIC RESONANCE IMAGING OF THE SPINE
_cRUNGE, V.M
942 _2udc
_cBK
999 _c6623
_d6623